Heat transfer in SI units (Record no. 6315)
[ view plain ]
| 000 -LEADER | |
|---|---|
| fixed length control field | 00662 a2200229 4500 |
| 005 - DATE AND TIME OF LATEST TRANSACTION | |
| control field | 20230322152757.0 |
| 008 - FIXED-LENGTH DATA ELEMENTS--GENERAL INFORMATION | |
| fixed length control field | 080827t xxu||||| |||| 00| 0 eng d |
| 010 ## - LCCN (DPL NO) | |
| LC control number | ENG-87272 |
| 020 ## - INTERNATIONAL STANDARD BOOK NUMBER | |
| International Standard Book Number | 9780070634510 |
| 020 ## - INTERNATIONAL STANDARD BOOK NUMBER | |
| International Standard Book Number | 0070634513 |
| Terms of availability | 350.00 |
| 035 ## - SYSTEM CONTROL NUMBER | |
| System control number | EN-70805 |
| 037 ## - SOURCE OF ACQUISITION | |
| Source of stock number/acquisition | DBAD / PUB |
| 082 ## - DEWEY DECIMAL CLASSIFICATION NUMBER | |
| Classification number | 621.4022 |
| 100 ## - MAIN ENTRY--PERSONAL NAME | |
| Personal name | Holman, J.P. |
| 9 (RLIN) | 29818 |
| 245 ## - TITLE STATEMENT | |
| Title | Heat transfer in SI units |
| Statement of responsibility, etc | by J.P. Holman |
| 250 ## - EDITION STATEMENT | |
| Edition statement | 9th ed. |
| 260 ## - PUBLICATION, DISTRIBUTION, ETC. (IMPRINT) | |
| Place of publication, distribution, etc | New Delhi |
| Name of publisher, distributor, etc | Tata McGraw-Hill Publishing |
| Date of publication, distribution, etc | 2008. |
| 270 ## - ADDRESS | |
| Address | 7, West Patel Nagar |
| City | New Delhi |
| Postal code | 110 008 |
| 300 ## - PHYSICAL DESCRIPTION | |
| Extent | xxi, 676 p. |
| Dimensions | 24 cm (pbk) |
| 500 ## - GENERAL NOTE | |
| General note | Includes indexes |
| 942 ## - ADDED ENTRY ELEMENTS (KOHA) | |
| Institution code [OBSOLETE] | dpl |
| Item type | English Books |
| Call number prefix | 536.2 |
| Source of classification or shelving scheme | Dewey Decimal Classification |
| Call number suffix | Hol536.2 |
| Withdrawn status | Lost status | Damaged status | Not for loan | Home library | Current library | Date acquired | Cost, normal purchase price | Total Checkouts | Full call number | Barcode | Date last seen | Copy number | Cost, replacement price | Koha item type |
|---|---|---|---|---|---|---|---|---|---|---|---|---|---|---|
| D.B.Act.Division | D.B.Act.Division | 27/08/2008 | 350.00 | 621.4022 HOL | EN-70805 | 15/09/2008 | 1 | 350.00 | English Books |
